00737nam a2200133Ia 4500008004100000100001600041245007500057260003600132650026400168650001300432856004400445999001900489952009500508171212s9999 xx 000 0 und d aHarris, Jay cHarris, JayaNachman KrochmalbGuiding the Perplexed of the Modern Age bNew York University Pressc1991 aKrochmal, Nachman, 1785–1840. Moreh nevukhe ha-zeman; Judaism -- History -- Philosophy; Philosophy, Jewish; Krochmal, Nachman, 1785–1840 -- Contributions in Biblical interpretation; Bible. O.T. -- Criticisms, interpretation, etc., Jewish -- History -- 19t aReligion uhttp://www.jstor.org/stable/j.ctt9qfxr3 c351545d351545 001040aCLbCLd2017-12-12l0oBM 560.K73 .H37 1991r2017-12-12 00:00:00w2017-12-12yCBE